|
|
|
|
| LEADER |
00000nam a2200000Ia 4500 |
| 001 |
ELB164913 |
| 003 |
FINmELB |
| 005 |
20221123121057.0 |
| 006 |
m o d | |
| 007 |
cr cn||||||||| |
| 008 |
960508s1997 nyu sb 001 0 eng d |
| 010 |
|
|
|z 96008901
|
| 020 |
|
|
|a 9780198027027
|q (e-book)
|
| 020 |
|
|
|z 9780195110203
|q (paper)
|
| 035 |
|
|
|a (OCoLC)34875810
|
| 040 |
|
|
|a FINmELB
|c FINmELB
|d FINmELB
|
| 050 |
|
4 |
|a BV772
|b .W87 1997
|
| 100 |
1 |
|
|a Wuthnow, Robert.
|
| 245 |
1 |
4 |
|a The crisis in the churches
|h [electronic resource] :
|b spiritual malaise, fiscal woe /
|c Robert Wuthnow.
|
| 260 |
|
|
|a New York :
|b Oxford University Press,
|c c1997.
|
| 300 |
|
|
|a xii, 291 p.
|
| 504 |
|
|
|a Includes bibliographical references (p. 279-285) and index.
|
| 588 |
|
|
|a Description based on metadata supplied by the publisher and other sources.
|
| 590 |
|
|
|a Electronic reproduction. Santa Fe, Arg.: elibro, 2022. Available via World Wide Web. Access may be limited to eLibro affiliated libraries.
|
| 650 |
|
0 |
|a Church finance
|z United States
|x History
|y 20th century.
|
| 650 |
|
0 |
|a Middle class
|z United States
|x History
|y 20th century.
|
| 651 |
|
0 |
|a United States
|x Church history
|y 20th century.
|
| 655 |
|
4 |
|a Electronic books.
|
| 797 |
2 |
|
|a elibro, Corp.
|
| 856 |
4 |
0 |
|u https://elibro.uam.elogim.com/ereader/bidiuam/164913
|z Texto completo
|